header

Advances in ceramic materials : (Record no. 81327)

MARC details
000 -LEADER
fixed length control field 01830nam a2200409 i 4500
001 - CONTROL NUMBER
control field ebr10814289
003 - CONTROL NUMBER IDENTIFIER
control field CaPaEBR
006 - FIXED-LENGTH DATA ELEMENTS--ADDITIONAL MATERIAL CHARACTERISTICS--GENERAL INFORMATION
fixed length control field m o d
007 - PHYSICAL DESCRIPTION FIXED FIELD--GENERAL INFORMATION
fixed length control field cr cn|||||||||
008 - FIXED-LENGTH DATA ELEMENTS--GENERAL INFORMATION
fixed length control field 090716t20092009sz ad ob 001 0 eng|d
020 ## - INTERNATIONAL STANDARD BOOK NUMBER
Cancelled/invalid ISBN 0878493506
Cancelled/invalid ISBN 9780878493500
International Standard Book Number 9783038132592 (e-book)
040 ## - CATALOGING SOURCE
Original cataloging agency CaPaEBR
Language of cataloging eng
Description conventions rda
-- pn
Transcribing agency CaPaEBR
035 ## - SYSTEM CONTROL NUMBER
System control number (OCoLC)834144383
050 14 - LIBRARY OF CONGRESS CALL NUMBER
Classification number TA455.C43
Item number A39 2009eb
082 04 - DEWEY DECIMAL CLASSIFICATION NUMBER
Classification number 620.1/4
Edition number 22
245 00 - TITLE STATEMENT
Title Advances in ceramic materials :
Remainder of title special topic volume with invited papers only /
Statement of responsibility, etc edited by Ping Xiao and Brian Ralph.
264 #1 - PRODUCTION, PUBLICATION, DISTRIBUTION, MANUFACTURE, AND COPYRIGHT NOTICE
Place of production, publication, distribution, manufacture Zurich ;
-- Enfield, New Hampshire :
Name of producer, publisher, distributor, manufacturer Trans Tech,
Date of production, publication, distribution, manufacture, or copyright notice [2009]
Date of production, publication, distribution, manufacture, or copyright notice �2009
300 ## - PHYSICAL DESCRIPTION
Extent 1 online resource (152 pages) :
Other physical details illustrations (some color).
336 ## - CONTENT TYPE
Content type term text
Source rdacontent
337 ## - MEDIA TYPE
Media type term computer
Source rdamedia
338 ## - CARRIER TYPE
Carrier type term online resource
Source rdacarrier
490 1# - SERIES STATEMENT
Series statement Materials science forum,
International Standard Serial Number 0255-5476 ;
Volume number/sequential designation volume 606
504 ## - BIBLIOGRAPHY, ETC. NOTE
Bibliography, etc Includes bibliographical references and indexes.
588 ## - SOURCE OF DESCRIPTION NOTE
Source of description note Description based on print version record.
590 ## - LOCAL NOTE (RLIN)
Local note Electronic reproduction. Palo Alto, Calif. : ebrary, 2014. Available via World Wide Web. Access may be limited to ebrary affiliated libraries.
650 #0 - SUBJECT ADDED ENTRY--TOPICAL TERM
Topical term or geographic name as entry element Ceramic materials.
655 #0 - INDEX TERM--GENRE/FORM
Genre/form data or focus term Electronic books.
700 1# - ADDED ENTRY--PERSONAL NAME
Personal name Xiao, Ping,
Titles and other words associated with a name Prof.
Personal name Ralph, Brian.
776 08 - ADDITIONAL PHYSICAL FORM ENTRY
Display text Print version:
Title Advances in ceramic materials : special topic volume with invited papers only.
Place, publisher, and date of publication Zurich : Trans Tech, [2009]
Physical description 147 pages ; 25 cm.
Series data for related item Materials science forum ; volume 606
International Standard Serial Number 0255-5476 ;
International Standard Book Number 9780878493500
Record control number (OCoLC)ocn316829685
-- (DLC)10814289
797 2# - LOCAL ADDED ENTRY--CORPORATE NAME (RLIN)
Corporate name or jurisdiction name as entry element ebrary.
830 #0 - SERIES ADDED ENTRY--UNIFORM TITLE
Uniform title Materials science forum ;
Volume number/sequential designation v. 606.
856 40 - ELECTRONIC LOCATION AND ACCESS
Uniform Resource Identifier <a href="http://site.ebrary.com/lib/rucke/Doc?id=10814289">http://site.ebrary.com/lib/rucke/Doc?id=10814289</a>
Public note An electronic book accessible through the World Wide Web; click to view

No items available.

© 2026 Rongo University
Contact us: librarian | system librarian | Rongo university